MARC details
| 000 -CABECERA |
| campo de control de longitud fija |
01165nam a2200313 a 4500 |
| 001 - NÚMERO DE CONTROL |
| campo de control |
000004776 |
| 003 - IDENTIFICADOR DEL NÚMERO DE CONTROL |
| campo de control |
DO-SdBNP |
| 005 - FECHA Y HORA DE LA ÚLTIMA TRANSACCIÓN |
| campo de control |
20250205124808.0 |
| 007 - CAMPO FIJO DE DESCRIPCIÓN FÍSICA--INFORMACIÓN GENERAL |
| campo de control de longitud fija |
ta |
| 008 - DATOS DE LONGITUD FIJA--INFORMACIÓN GENERAL |
| campo de control de longitud fija |
090727s1997 dr a 001 0 spa d |
| 020 ## - NÚMERO INTERNACIONAL ESTÁNDAR DEL LIBRO |
| Número Internacional Estándar del Libro |
8492184515 |
| 040 ## - FUENTE DE LA CATALOGACIÓN |
| Centro catalogador/agencia de origen |
DO-SdBNP |
| Lengua de catalogación |
spa |
| Centro/agencia transcriptor |
BNPHU |
| 082 #4 - NÚMERO DE LA CLASIFICACIÓN DECIMAL DEWEY |
| Número de clasificación |
307.76 |
| Número de documento/Ítem |
L925u |
| Número de edición |
22 |
| 100 1# - ENTRADA PRINCIPAL--NOMBRE DE PERSONA |
| Nombre de persona |
Lozano, Wilfredo |
| Fechas asociadas al nombre |
1950- |
| 9 (RLIN) |
7126 |
| 245 13 - MENCIÓN DE TÍTULO |
| Título |
La urbanización de la pobreza : |
| Resto del título |
urbanización, trabajo y desigualdad social en Santo Domingo / |
| Mención de responsabilidad, etc. |
Wilfredo Lozano. |
| 260 ## - PUBLICACIÓN, DISTRIBUCIÓN, ETC. |
| Lugar de publicación, distribución, etc. |
Santo Domingo : |
| Nombre del editor, distribuidor, etc. |
FLASCO, |
| Fecha de publicación, distribución, etc. |
1997. |
| 300 ## - DESCRIPCIÓN FÍSICA |
| Extensión |
291 p. : |
| Otras características físicas |
ilustracines ; |
| Dimensiones |
23 cm. |
| 500 ## - NOTA GENERAL |
| Nota general |
Incluye índice de cuadros, diagramas y mapas |
| 500 ## - NOTA GENERAL |
| Nota general |
Incluye referencias bibliográficas y notas al pie de las páginas |
| 504 ## - NOTA DE BIBLIOGRAFÍA, ETC. |
| Nota de bibliografía, etc. |
Bibliografía : p. 265-282 |
| 590 ## - NOTA LOCAL (RLIN) |
| Nota local |
Inventariado,2018/DG |
| 650 #4 - PUNTO DE ACCESO ADICIONAL DE MATERIA--TÉRMINO DE MATERIA |
| Término de materia o nombre geográfico como elemento de entrada |
Urbanización |
| Subdivisión general |
Aspectos sociales |
| 9 (RLIN) |
13881 |
| 650 #4 - PUNTO DE ACCESO ADICIONAL DE MATERIA--TÉRMINO DE MATERIA |
| Término de materia o nombre geográfico como elemento de entrada |
Pobreza |
| Subdivisión geográfica |
República Dominicana |
| 9 (RLIN) |
2079 |
| 650 #4 - PUNTO DE ACCESO ADICIONAL DE MATERIA--TÉRMINO DE MATERIA |
| Término de materia o nombre geográfico como elemento de entrada |
Urbanización |
| Subdivisión geográfica |
República Dominicana |
| 9 (RLIN) |
9561 |
| 651 #4 - PUNTO DE ACCESO ADICIONAL DE MATERIA--NOMBRE GEOGRÁFICO |
| Nombre geográfico |
República Dominicana |
| Subdivisión general |
Condiciones sociales |
| 9 (RLIN) |
46 |
| 710 2# - PUNTO DE ACCESO ADICIONAL--NOMBRE DE ENTIDAD CORPORATIVA |
| Nombre de entidad corporativa o nombre de jurisdicción como elemento de entrada |
Facultad Latinoaméricana de Ciencias Sociales |
| 9 (RLIN) |
294 |
| 910 ## - DATOS DE OPCIÓN DEL USUARIO (OCLC) |
| Datos de opción del usuario |
Validado. Control de calidad MFF |
| 942 ## - ELEMENTOS DE PUNTO DE ACCESO ADICIONAL (KOHA) |
| Fuente del sistema de clasificación o colocación |
Dewey Decimal Classification |
| Tipo de ítem Koha |
Libro |